000 00318nam a22001217a 4500
005 20180828183933.0
008 180828b xxu||||| |||| 00| 0 eng d
022 _a0974-5572
245 _aInternational Journal of Control Theory and Applications
260 _aHaryana
_bSerial Publication
300 _ap57
942 _cJRL
999 _c5729
_d5727